Normal view
MARC view
Entry Topical Term
001 - CONTROL NUMBER
- control field: 37114
003 - CONTROL NUMBER IDENTIFIER
- control field: OSt
005 - DATE AND TIME OF LATEST TRANSACTION
- control field: 20230331103640.0
008 - FIXED-LENGTH DATA ELEMENTS
- fixed length control field: 230331|| aca||aabn | a|a d
040 ## - CATALOGING SOURCE
- Original cataloging agency: OSt
- Transcribing agency: OSt
150 ## - HEADING--TOPICAL TERM
- Topical term or geographic name entry element: Mortgage, Land, Thane, Gwalior, Urban property.
670 ## - SOURCE DATA FOUND
- Source citation: Work cat.: (OSt): Sangameswaran, Priya 37113, Contending claims and uses of land: Unpacking the trajectory of a mortgage in thane
